000 00351 a2200169 4500
001 190349
020 _a978-85-405-0285-7
040 _cMagnum
100 _aMulligan, Andy
240 1 0 _aTrash
_lpor
245 1 0 _aTrash
300 _a224
362 0 _a2013
440 1 _aCosac Naify
697 _aLÍNGUA - LITERATURA - GRAMÁTICA
942 _cBK
999 _c190349
_d190349